|
|
|
|
| LEADER |
00000nab#a22000007a#4500 |
| 001 |
arbauad041252 |
| 003 |
AR-BaUAD |
| 005 |
20250711113228.0 |
| 008 |
991101|||||||||###||||||b###|0###a|spa|| |
| 040 |
|
|
|a AR-BaUAD
|c AR-BaUAD
|b spa
|
| 100 |
|
|
|a Baule, Giovanni
|
| 245 |
|
|
|a Lo specchio dell'interfaccia /
|c Giovanni Baule;
|
| 300 |
0 |
|
|b il.
|
| 653 |
|
|
|a DISEÑO GRAFICO
|
| 653 |
|
|
|a PAGINAS WEB
|
| 653 |
|
|
|a WEB SITES
|
| 653 |
|
|
|a WEB
|
| 653 |
|
|
|a INTERNET
|
| 653 |
|
|
|a COMUNICACION
|
| 653 |
|
|
|a MANUALES
|
| 653 |
|
|
|a CATALOGOS
|
| 653 |
|
|
|a PRODUCTOS
|
| 773 |
0 |
|
|t LINEA GRAFICA
|g no. 323 [set.-oct. 1999], p. 14-25
|
| 942 |
|
|
|c ARTI
|
| 952 |
|
|
|0 0
|1 0
|4 0
|7 0
|9 86171
|a AR-BAuAD
|b AR-BAuAD
|d 2025-07-11
|l 0
|p AAQA041252
|r 2025-07-11 11:32:28
|w 2025-07-11
|y ARTI
|
| 990 |
|
|
|a DG199
|b TD
|
| 998 |
|
|
|a AAQ
|b BIBUN76
|
| 999 |
|
|
|c 65844
|d 65844
|